Making sense of the industrial revolution (Record no. 119540)

MARC details
000 -LEADER
fixed length control field 00835nam a2200277Ia 4500
003 - CONTROL NUMBER IDENTIFIER
control field OSt
005 - DATE AND TIME OF LATEST TRANSACTION
control field 20220918163427.0
008 - FIXED-LENGTH DATA ELEMENTS--GENERAL INFORMATION
fixed length control field 220917b |||||||| |||| 00| 0 eng d
020 ## - INTERNATIONAL STANDARD BOOK NUMBER
International Standard Book Number 0 7190 5022 7 (pbk)
037 ## - SOURCE OF ACQUISITION
Terms of availability Textual
040 ## - CATALOGING SOURCE
Original cataloging agency ARTS
Transcribing agency ARTS
Language of cataloging eng
041 ## - LANGUAGE CODE
Source of code eng
Language code of text/sound track or separate title eng
100 ## - MAIN ENTRY--PERSONAL NAME
Personal name King Steven
9 (RLIN) 13084
245 #0 - TITLE STATEMENT
Title Making sense of the industrial revolution
260 ## - PUBLICATION, DISTRIBUTION, ETC.
Place of publication, distribution, etc. Manchester
Name of publisher, distributor, etc. Manchester University Press
Date of publication, distribution, etc. 2001
300 ## - PHYSICAL DESCRIPTION
Extent xiii, 402p
Dimensions cm.
490 ## - SERIES STATEMENT
Series statement Mancherster studies in modern history
650 ## - SUBJECT ADDED ENTRY--TOPICAL TERM
Topical term or geographic name entry element INDUSTRIAL POLICY
9 (RLIN) 13085
700 ## - ADDED ENTRY--PERSONAL NAME
Personal name Timmins Geoffrey
9 (RLIN) 13086
942 ## - ADDED ENTRY ELEMENTS (KOHA)
Classification part X8(A):89ZB.3.M50, P1
Koha item type Textual
Source of classification or shelving scheme Colon Classification (CC)
Holdings
Withdrawn status Lost status Damaged status Not for loan Home library Current library Date acquired Total Checkouts Full call number Barcode Date last seen Price effective from Koha item type
        Arts Library Arts Library 2022-09-18   X8(A):89ZB.3.M50 P1 AL1200551 2022-09-18 2022-09-18 Textual
Copyright @ Delhi University Library System